| 000 | 01787nam0a2200313 4500 | ||
|---|---|---|---|
| 001 | RU\NLR\BIBL_A\022783903 | ||
| 005 | 20260607130218.0 | ||
| 010 |
_a978-5-908067-67-6 _9500 |
||
| 035 | _a(NLR Aleph) 022783903 | ||
| 090 |
_a13725720 _c13725720 |
||
| 100 | _a20260413d2025 u y0rusy50 ca | ||
| 101 | 0 | _arus | |
| 102 | _aRU | ||
| 105 | _aa|||j|||000yy | ||
| 181 | 0 |
_ai3 _baxxe |
|
| 182 | 0 | _an | |
| 200 | 1 |
_aМикроэкономика _eучебник _eдля обучающихся по направлению подготовки 38.04.03 Государственное и муниципальное управление, направленность "Управление регионом, городскими и сельскими территориями" _fН. А. Гончарова, А. Г. Алексеенко _gМинистерство сельского хозяйства Российской Федерации, ФГБОУ ВО "Кубанский государственный аграрный университет имени И. Т. Трубилина" |
|
| 203 |
_aТекст _bвизуальный _cнепосредственный |
||
| 210 |
_aКраснодар _cКубГАУ _d2025 |
||
| 215 |
_a206, [1] с. _cил., табл. _d20 |
||
| 320 | _aБиблиогр.: с. 206 (11 назв.) | ||
| 606 | 1 |
_aМикроэкономика _jУчебники для высших учебных заведений _2nlr_sh1 _2nlr_sh2 _3RU\NLR\AUTH\66713621 |
|
| 686 | 1 | _aУ010.4я73 | |
| 700 | 1 |
_aГончарова _bН. А. _gНаталия Александровна |
|
| 701 | 1 |
_aАлексеенко _bА. Г. _gАнастасия Германовна |
|
| 942 | _cBOOK | ||
| 980 | _aNB | ||